000 00421nam a2200145Ia 4500
008 151021s9999 xx 000 0 und d
020 _a9.7807369171e+012
050 _aBV 4529 .F38 2006
245 _a_The 10 best decisions every parent can make Farrel Pam
260 _aColorado Harvest house 2006
300 _a220p.;ill
650 _a_Parenting
700 _a_Farrel, Bill
980 _a^d20110727 10:44:52^oanne
999 _c8091
_d8091